00791cam a22002651i 4500001001300000003000400013005001700017008004100034010001700075035001900092040001800111041001100129042001200140043001200152050001600164100002100180245003400201260004300235300002000278490007300298500004200371630003000413650006500443999001700508sa 68020113 DLC20260227112722.0830713s1961 io 000 0 ind  asa 68020113  a(OCoLC)9698947 aDLCcOAUdDLC0 aindara apremarc aa-io---00aPJ6696b.J31 aJatim, Marzoeki.10aBatjaan Quran (diperbaharui). aDjakarta :bPustaka "Dirham",c[1961?] a50 p. ;c21 cm.0 aPengadjaran agama Islam disekolah-sekolah umum dan rumah tangga ;v2 aIncludes text of the Koran in Arabic.00aQurʼanxLanguage, style. 0aArabic languagexTextbooks for foreign speakersxIndonesian. c89250d89250